000 00566nam a22001817a 4500
003 UA-OsUOA
001 12899
007 ta
008 20050531b un ||||| |||| 00| 0 ukr d
100 _aЛайтер М.
942 _cSA
040 _aUA-OsUOA
_cUA-OsUOA
_dUA-OsUOA
245 _aРезультат дає співпраця [роботодавців із обл. центром зайнятості]
300 _aС.2
955 _a0
773 0 _w0
_tВісті Рівненщини
_dРівне
_d2005
_g№38/25 трав./
650 7 _aЗайнятість
_2UDC
999 _c299060
_d299060